KLM Historic and Present Aircraft by Picture - Statistics

General Stats
  • This quiz has been taken 56 times
  • The average score is 23 of 40
Answer Stats
Picture Answer % Correct
B747-400
88%
B737-800
81%
B777-200
81%
A330-200
79%
B737-700
79%
A330-300
76%
B737-900
76%
B747-200
76%
B747-300
76%
B787-10
76%
B787-9
76%
E190
74%
B777-300ER
71%
E175
71%
A321neo
69%
B737-200
69%
B737-300
67%
B737-400
67%
MD-11
67%
DC-10
62%
B747-400F
55%
DC-8
50%
DC-9
50%
E195-E2
50%
A310-200
48%
B767-300ER
45%
DC-3
45%
Fokker 100
45%
Fokker 50
45%
Fokker 70
45%
DC-2
43%
DC-6
43%
DC-7
43%
Lockheed Constellation
43%
DC-4
40%
Lockheed Super Constellation
29%
B747-400M
21%
Lockheed L-188 Electra
19%
Fokker F.VII
10%
Fokker F.XXXVI
5%
No matching quizzes found
Score Distribution
Percent of People with Each Score
Percentile by Number Answered
Your Score History
You have not taken this quiz